[Event "Xativa Murta op 2nd"]
[Site "Xativa"]
[Date "2016.08.23"]
[Round "2"]
[White "La Orden Gil, Javier"]
[Black "Gomez Jurado, Luis Alberto"]
[Result "0-1"]
[WhiteElo "1957"]
[BlackElo "2266"]
[PlyCount "62"]
[EventDate "2016.08.22"]
[EventType "swiss"]
[EventRounds "9"]
[EventCountry "ESP"]
[SourceTitle "CBM 174 Extra"]
[Source "ChessBase"]
[SourceDate "2016.10.10"]
[SourceVersion "1"]
[SourceVersionDate "2016.10.10"]
[SourceQuality "1"]

1. d4 Nf6 2. Nf3 c5 3. e3 g6 4. Be2 Bg7 5. 0-0 0-0 6. Nbd2 b6 7. b3 Bb7 8. Bb2 d6 9. c4 cxd4 10. exd4 d5 11. Re1 Nc6 12. Bf1 Rc8 13. Rc1 e6 14. a3 Ne7 15. c5 Ne4 16. b4 bxc5 17. bxc5 Bc6 18. Rb1 Rb8 19. Bd3 Nxc5 20. dxc5 Bxb2 21. Qc2 Bg7 22. Rxb8 Qxb8 23. Rb1 Qc7 24. Qb3 e5 25. Be2 e4 26. Ne1 Nf5 27. Nc2 Qf4 28. Nf1 d4 29. Bc4 d3 30. Nce3 Nd4 31. Qb4 Ne2+ 0-1

[Event "Benidorm op U2000 14th"]
[Site "Benidorm"]
[Date "2015.12.04"]
[Round "7"]
[White "Ayats Llobera, Gerard"]
[Black "La Orden Gil, Javier"]
[Result "1-0"]
[WhiteElo "1988"]
[BlackElo "1991"]
[PlyCount "126"]
[EventDate "2015.11.28"]
[EventType "swiss"]
[EventRounds "10"]
[EventCountry "ESP"]
[SourceTitle "CBM 169 Extra"]
[Source "ChessBase"]
[SourceDate "2015.12.18"]
[SourceVersion "1"]
[SourceVersionDate "2015.12.18"]
[SourceQuality "1"]

1. e4 c5 2. Nf3 e6 3. g3 g6 4. d4 cxd4 5. Qxd4 Qf6 6. Qxf6 Nxf6 7. Nc3 Bb4 8. Bd2 Nc6 9. a3 Ba5 10. b4 Bb6 11. Bc4 d6 12. 0-0 Bd7 13. Bg5 Ng4 14. Rad1 h6 15. Bc1 Nce5 16. Nxe5 Nxe5 17. Be2 Rc8 18. Bb2 Ke7 19. Rd2 Rhd8 20. Rfd1 Be8 21. Kg2 a6 22. f4 Nc4 23. Bxc4 Rxc4 24. e5 dxe5 25. Rxd8 Bxd8 26. fxe5 Bb6 27. Rd2 Bc6+ 28. Kf1 Ke8 29. Ke2 Bc7 30. Kd3 b5 31. Re2 Bf3 32. Re3 Bg4 33. Ne4 Bf5 34. Bd4 g5 35. Re2 Kd7 36. c3 Kc6 37. Kd2 Bxe5 38. Bxe5 Bxe4 39. g4 f5 40. Bg7 Kd5 41. Bxh6 Bf3 42. Re3 Bxg4 43. Bxg5 e5 44. Rd3+ Ke6 45. Rd8 f4 46. Rf8 Rc6 47. Bxf4 exf4 48. Rxf4 Bf5 49. Rh4 Ke5 50. Rh8 Rd6+ 51. Ke2 Rc6 52. Kd2 Rb6 53. Rc8 Rh6 54. h4 Kf4 55. c4 bxc4 56. Kc3 Bd3 57. a4 Kg4 58. a5 Kxh4 59. Rb8 Kg5 60. Kd4 Rh4+ 61. Kc3 Rh6 62. Kd4 Rh4+ 63. Kc3 Kf4 1-0

[Event "Sueca op 1st"]
[Site "Sueca"]
[Date "2015.07.29"]
[Round "3"]
[White "La Orden Gil, Javier"]
[Black "Raro Gualda, Javier"]
[Result "1-0"]
[WhiteElo "1967"]
[BlackElo "1658"]
[PlyCount "49"]
[EventDate "2015.07.27"]
[EventType "swiss"]
[EventRounds "8"]
[EventCountry "ESP"]
[SourceTitle "EXT 2016"]
[Source "ChessBase"]
[SourceDate "2015.10.08"]
[SourceVersion "1"]
[SourceVersionDate "2015.10.08"]
[SourceQuality "1"]

1. e4 e5 2. Nf3 Nc6 3. Bb5 a6 4. Ba4 Nf6 5. d3 d6 6. c3 g6 7. 0-0 Bg7 8. Re1 0-0 9. Nbd2 b5 10. Bc2 Re8 11. a4 b4 12. h3 bxc3 13. bxc3 d5 14. a5 Bd7 15. Nf1 Rb8 16. Bg5 dxe4 17. dxe4 Na7 18. Ne3 h6 19. Bh4 g5 20. Bg3 Nh5 21. Bxe5 Bxe5 22. Nxe5 Rxe5 23. Qxh5 Bc6 24. Qxh6 Ba8 25. Nd5 1-0